| 000 | 00802cam a22001934a 4500 | ||
|---|---|---|---|
| 005 | 20250605164010.0 | ||
| 008 | 250528s ||||||||||||||||||||||||d | ||
| 035 | _a15930 | ||
| 020 | _a415030285 | ||
| 040 |
_aGR-AtMCL _bgre _dGR-AtMCL _eAACR2 |
||
| 245 | 1 | _aPhysical Distribution Systems | |
| 260 |
_bRouledge, _c1991 |
||
| 300 | _a318 | ||
| 520 | _aThis book provides a detailed insight into the planning and operation of distribution systems. Introduction, Marketing Channels, Physical Distribution Channels, Pattern of Stockholding, Depot Location, Choice of Transport Mode, Routing of Freight Flows, International Distribution, Environmental Impact, Future Developments in Physical Distribution. | ||
| 700 | 1 |
_aMckinnon C. Alan _91963 |
|
| 942 | _cBK | ||
| 999 |
_c1477 _d1477 |
||